Orígenes de la revolución industrial / (Record no. 64205)

MARC details
000 -LEADER
campo de control de longitud fija 00613nam a2200181 i 4500
001 - NÚMERO DE CONTROL
campo de control 64205
003 - IDENTIFICADOR DE NÚMERO DE CONTROL
campo de control ES-MaACL
005 - FECHA Y HORA DE LA ÚLTIMA TRANSACCIÓN
campo de control 20230906165053.0
007 - CAMPO FIJO DE DESCRIPCIÓN FÍSICA--INFORMACIÓN GENERAL
campo de control de longitud fija t|
008 - DATOS DE LONGITUD FIJA--INFORMACIÓN GENERAL
campo de control de longitud fija 031222s1970 sp ||||1| spa d
100 1# - ENTRADA PRINCIPAL--NOMBRE DE PERSONA
Nombre de persona Flinn, M. W.
9 (RLIN) 51218
245 10 - MENCIÓN DEL TÍTULO
Título Orígenes de la revolución industrial /
Mención de responsabilidad, etc. M.W. Flinn ; prólogo, Manuel Alonso Olea ; traducción, Juan de la Qquintana Oriol.
260 ## - PUBLICACIÓN, DISTRIBUCIÓN, ETC.
Lugar de publicación, distribución, etc. Madrid :
Nombre del editor, distribuidor, etc. Instituto de Estudios Políticos,
Fecha de publicación, distribución, etc. 1970.
300 ## - DESCRIPCIÓN FÍSICA
Extensión 192 p. ;
Dimensiones 21 cm.
700 1# - ENTRADA AGREGADA--NOMBRE PERSONAL
Nombre de persona Alonso Olea, Manuel.
9 (RLIN) 20374
700 1# - ENTRADA AGREGADA--NOMBRE PERSONAL
Nombre de persona Quintana Oriol, Juan de la.
9 (RLIN) 94692
852 ## - LOCALIZACIÓN
Ubicación ES-MaACL
Número de control de estantería C-39727
Sublocalización o colección R.75767
Holdings
Estatus retirado Estado de pérdida Estado de daño No para préstamo Biblioteca de origen Biblioteca actual Ubicación en estantería Fecha de adquisición Fuente de adquisición Total de préstamos Signatura topográfica completa Código de barras Visto por última vez Precio de reemplazo Tipo de ítem Koha
        Biblioteca del Ateneo de Madrid Biblioteca del Ateneo de Madrid Depósito 2 17/01/2008     C-39727 1067283 23/02/2023 23/02/2023 Libro impreso